000 00663cai a22002055a 4500
001 L158413
008 150209u xxk g 000 0 eng d
035 _a(Sirsi) u158413
041 0 _aeng
110 2 _aGeneration Rent
_96148
245 0 0 _aGeneration Rent
_h[electronic resource]
520 _aRepresents the views of and campaigns on behalf of tenants in the private rented sector (PRS).
590 _aKA
650 2 4 _aPRIVATE RENTED SECTOR
650 2 4 _aPRS
651 4 _aUnited Kingdom
_y1973-
690 _aLandlord and tenant
_96252
856 4 0 _uhttps://www.generationrent.org
_zView the website free of charge at www.generationrent.org
942 _n0
999 _c121028
_d121028